| 000 | 00879nam a2200253 a 4500 | ||
|---|---|---|---|
| 008 | |||
| 020 | _a0140241000 (pbk.) | ||
| 049 | _aMAIN | ||
| 090 | _aREF JQ1905 WEE | ||
| 245 | 0 | 0 |
_aA-Z of South African politics : _bthe essential handbook, 1994 / _cWeekly Mail & Guardian ; edited by Anton Harber and Barbara Ludman. |
| 260 |
_aLondon : _bPenguin Books, _cc1994. |
||
| 300 |
_axi, 357 p. ; _c20 cm. |
||
| 440 | 0 | _aPenguin politics. | |
| 500 | _aDistributor information from sticker on verso of cover. | ||
| 651 | 0 |
_aSouth Africa _xPolitics and government _xHandbooks, manuals, etc. |
|
| 700 | 1 | _aHarber, Anton. | |
| 700 | 1 | _aLudman, Barbara. | |
| 710 | 2 | _aWeekly Mail & Guardian (Firm). | |
| 907 |
_a.b10129728 _b16-01-07 _c07-07-04 |
||
| 003 | |||
| 005 | 20230120191411.0 | ||
| 040 | _cNUST | ||
| 942 |
_cBOOKS _kREF JQ1905 WEE |
||
| 999 |
_c100456 _d100456 |
||